| 000 | 00776nam a22002297a 4500 | ||
|---|---|---|---|
| 003 | OSt | ||
| 005 | 20230127115801.0 | ||
| 008 | 221006b |||||||| |||| 00| 0 eng d | ||
| 020 | _a980 238 198 5 | ||
| 040 | _cBiblioteca Lado V | ||
| 082 |
_a708 _bS715m |
||
| 100 |
_9684 _aSosa, Antonieta _eautor |
||
| 245 |
_aCas(A)nto/ _bUna Propuesta de Antonieta Sosa/ |
||
| 260 |
_aCaracas, Venezuela _c2000 _bMuseo de Bellas Artes |
||
| 300 |
_c22x28cm _a96p. |
||
| 650 |
_2Tesauro de Arte & Arquitectura _aARTE |
||
| 650 |
_2Tesauro de Arte & Arquitectura _aCATALOGO |
||
| 650 |
_2Tesauro de Arte & Arquitectura _aEXHIBICION |
||
| 650 |
_2Tesauro de Arte & Arquitectura _aMUSEO |
||
| 700 |
_aOstrander, Tobias _eCurador _928 |
||
| 942 |
_2ddc _c1 _h708 _iS715m _n0 |
||
| 999 |
_c2967 _d2967 |
||